000 01113nam a2200301 a 4500
005 20160130161623.0
008 160114b ck ||||gra 00| 0 spa d
040 _aCO-BoIAVH
_cCO-BoIAVH
041 0 _aspa
044 _ack
082 0 4 _a363.7285
_bM66m
110 2 _bColombia.
_aMinisterio del Medio Ambiente
245 1 0 _aSaberlo hacer :
_bManejo integrado de residuos sólidos municipales /
_cUniversidad de los Andes, Ministerio del Medio Ambiente.
260 _aBogotá :
_bUniversidad de los Andes :
_bMinisterio del Medio Ambiente ,
_c[Sin fecha de publicación]
300 _a186 páginas :
_bIlustraciones ;
_c28 cm.
650 1 4 _aResiduos sólidos
650 2 4 _aResiduos urbanos
650 2 4 _aRecolección de basuras
650 2 4 _aAlmacenamiento de residuos
650 2 4 _aReciclaje
650 1 6 _aManejo integrado de desechos sólidos
650 2 6 _aRellenos sanitarios
650 6 _aIncineradores
662 _aColombia
700 1 _aCarmona, Cenith
700 1 _aGiraldo Gómez, Eugenio
942 _cLIBRO
_2ddc
999 _c2647
_d2647